Handbook of numerical heat transfer

Shranjeno v:
Bibliografske podrobnosti
Format: Sách
Jezik:Undetermined
Izdano:  J. Wiley  2006
Teme:
Oznake: Označite
Brez oznak, prvi označite!
Thư viện lưu trữ: Trung tâm Thư viện - Trường Đại học Công nghiệp TP. Hồ Chí Minh
LEADER 00405nam a2200133Ia 4500
001 UIH_04031
008 231011s9999 xx 000 0 und d
082 |a  536.2 
245 0 |a  Handbook of numerical heat transfer 
260 |b  J. Wiley 
260 |c  2006 
650 |a  Truyền nhiệt;  
927 |a Sách 
980 |a Trung tâm Thư viện - Trường Đại học Công nghiệp TP. Hồ Chí Minh